Options,Futures,And Other Derivatives (Record no. 6755)

MARC details
005 - DATE AND TIME OF LATEST TRANSACTION
control field 20250716163116.0
020 ## - INTERNATIONAL STANDARD BOOK NUMBER
International Standard Book Number 978-0-273-75907-2
082 ## - DEWEY DECIMAL CLASSIFICATION NUMBER
Classification number 332.64 HUL
100 ## - MAIN ENTRY--PERSONAL NAME
Author name HULL,J.C.
245 ## - TITLE STATEMENT
Title Options,Futures,And Other Derivatives
250 ## - EDITION STATEMENT
Edition statement 8th Ed.
260 ## - PUBLICATION, DISTRIBUTION, ETC.
Place of publication, distribution, etc. Edinburgh Gate,
Name of publisher, distributor, etc. Pearson Education Limited,
Date of publication, distribution, etc. 2012.
300 ## - PHYSICAL DESCRIPTION
Extent xxi,847p.;ill.:figures and tables
Other physical details Bibliography, Glossary and Index
Dimensions 26cm
Accompanying material CD-ROM
942 ## - ADDED ENTRY ELEMENTS (KOHA)
Source of classification or shelving scheme Dewey Decimal Classification
Koha item type Books
Holdings
Date last seen Total checkouts Full call number Barcode Price effective from Koha item type Lost status Source of classification or shelving scheme Damaged status Not for loan Withdrawn status Home library Current library Shelving location Date acquired Source of acquisition Cost, normal purchase price
07/16/2025   332.64 HUL MZA0003203 07/16/2025 Books   Dewey Decimal Classification       CBE Mwanza CBE Mwanza General Collection 06/27/2025 Donation from NBAA 40000.00
07/16/2025   332.64 HUL MZA0003204 07/16/2025 Books   Dewey Decimal Classification       CBE Mwanza CBE Mwanza General Collection 06/27/2025 Donation from NBAA 40000.00
07/16/2025   332.64 HUL MZA0003205 07/16/2025 Books   Dewey Decimal Classification       CBE Mwanza CBE Mwanza General Collection 06/27/2025 Donation from NBAA 40000.00
07/16/2025   332.64 HUL MZA0003206 07/16/2025 Books   Dewey Decimal Classification       CBE Mwanza CBE Mwanza General Collection 06/27/2025 Donation from NBAA 40000.00
07/16/2025   332.64 HUL MZA0003207 07/16/2025 Books   Dewey Decimal Classification       CBE Mwanza CBE Mwanza General Collection 06/27/2025 Donation from NBAA 40000.00
07/16/2025   332.64 HUL MZA0003202 07/16/2025 Books   Dewey Decimal Classification       CBE Mwanza CBE Mwanza General Collection 06/27/2025 Donation from NBAA 40000.00